[Event "74th Tata Steel GMA"]
[Site "Wijk aan Zee NED"]
[Date "2012.01.28"]
[Round "12"]
[White "Nakamura, Hi"]
[Black "Van Wely, L."]
[Result "1-0"]
[WhiteElo "2759"]
[BlackElo "2692"]
[PlyCount "109"]
[EventDate "2012.01.14"]

1. e4 c5 2. Nf3 Nc6 3. d4 cxd4 4. Nxd4 Nf6 5. Nc3 e5 6. Ndb5 d6 7. Bg5 a6 8.
Na3 b5 9. Nd5 Be7 10. Bxf6 Bxf6 11. c4 b4 12. Nc2 Rb8 13. b3 Bg5 14. g3 O-O 15.
Bg2 a5 16. O-O Ne7 17. h4 Bh6 18. Nxe7+ Qxe7 19. Qd5 Qc7 20. Rad1 Rd8 $146 ({RR
} 20... Re8 21. Kh2 Be6 22. Qd3 Qe7 {1/2-1/2 (22) Seegert,K (2024)-Rendboe,J 
(2234) Esbjerg 2008}) 21. Kh2 Bg4 22. Rde1 Bd7 23. Qd3 Qc5 24. Rd1 Bc6 25. Qe2
Ra8 26. Ne1 Qb6 27. Nd3 Qb7 28. Rfe1 g6 29. f3 Bg7 30. Nf2 h5 31. Rd3 Bh6 32.
Red1 Qe7 33. Nh3 Rd7 34. Qf2 Rb8 35. Ng5 Bxg5 36. hxg5 Qxg5 37. Bh3 Rc7 38.
Rxd6 Kg7 39. f4 exf4 40. gxf4 Qe7 41. e5 a4 42. e6 axb3 43. axb3 Be8 44. f5 g5
45. Qd4+ f6 46. Bg2 h4 47. c5 Rbc8 48. c6 Rxc6 49. Bxc6 Rxc6 50. Rxc6 Bxc6 51.
Qb6 Be8 52. Rc1 Kh6 53. Rc7 Qf8 54. Qd4 g4 55. Qf4+ 1-0

[Event "74th Tata Steel GMA"]
[Site "Wijk aan Zee NED"]
[Date "2012.01.28"]
[Round "12"]
[White "Carlsen, M."]
[Black "Kamsky, G."]
[Result "1/2-1/2"]
[WhiteElo "2835"]
[BlackElo "2732"]
[PlyCount "117"]
[EventDate "2012.01.14"]

1. e4 e5 2. Nf3 Nc6 3. Bb5 a6 4. Ba4 Nf6 5. O-O Be7 6. Re1 b5 7. Bb3 O-O 8. c3
d5 9. d4 dxe4 10. Nxe5 Bb7 ({RR} 10... Nxe5 11. dxe5 Qxd1 12. Bxd1 Nd7 13. Bc2
Nxe5 14. Bxe4 Rb8 15. Bf4 Bd6 16. Bg3 Nc4 17. b3 Bxg3 18. hxg3 Nd6 19. Nd2 Be6
20. b4 Rfc8 21. Nb3 Bxb3 22. axb3 Nxe4 23. Rxe4 Rb6 24. Rd1 Rc6 25. c4 {
Morozevich,A (2774)-Leko,P (2741) Yerevan 2008 1/2-1/2}) 11. Nxc6 $146 ({RR} 
11. Bg5 Nxe5 12. dxe5 Nd7 13. Bxe7 Qxe7 14. Bd5 Bxd5 15. Qxd5 Nc5 16. b4 Nd3
17. Rxe4 Rad8 18. Qb3 Qg5 19. Na3 Nxe5 20. Re3 Ng4 21. Rf3 Qe5 22. g3 Qh5 23.
h4 Ne5 24. Rf4 g5 25. Rf5 Nf3+ {Peev,P-Dittmann,S Halle 1954 0-1 (33)}) ({RR} 
11. Bg5 Nxe5 12. dxe5 Nd7 13. Bf4 Nc5 14. Bg3 Qxd1 15. Bxd1 Rad8 16. Bc2 Rfe8
17. a4 Nd3 18. Re2 Bc5 19. b4 Bb6 20. Na3 Bc6 21. a5 Ba7 22. Rd1 Bb7 23. Red2
Nxf2 24. Bxf2 Rxd2 25. Bxa7 Rxd1+ {Kvon,A (2461)-Chorshanbieva,U (2084)
Tashkent UZB 2011 1-0 (43)}) ({RR} 11. Bg5 Nxe5 12. dxe5 Nd7 13. Bxe7 Qxe7 14.
Bd5 Bxd5 15. Qxd5 Rad8 16. Qxe4 Nc5 17. Qc2 Nd3 18. Rf1 {1/2-1/2 (18)
Palmiotto,F-Ofstad,P Munich 1958}) ({RR} 11. Bg5 Na5 12. Bc2 e3 13. fxe3 Ne4
14. Bxe7 Qxe7 15. Bxe4 Bxe4 16. Nd2 Bb7 17. b4 Nc6 18. Nd3 a5 19. a3 axb4 20.
cxb4 Qg5 21. Nc5 Bc8 22. Qf3 Qg6 23. Nb1 Bg4 24. Qg3 Nxb4 25. Rc1 Nd5 {Ali
Marandi,C (1786)-Yezhel,V Kemer 2007 1-0 (47)}) 11... Bxc6 12. Bg5 Nd5 13. Bxe7
Qxe7 14. Nd2 f5 15. f3 e3 16. c4 Nf4 17. cxb5+ Kh8 18. Nc4 e2 19. Qd2 Qg5 20.
Rxe2 Nxe2+ 21. Qxe2 Bxb5 22. Qe3 f4 23. Qe5 Qh4 24. Qe1 Qxe1+ 25. Rxe1 Bxc4 26.
Bxc4 c6 27. Re6 Rf6 28. Re4 a5 29. h4 Rd8 30. Re5 a4 31. Ra5 Rfd6 32. Rxa4 Rxd4
33. b3 g6 34. Kh2 Kg7 35. Ra6 Rd2 36. a4 Rf2 37. Ra7+ Kh8 38. Kh3 h5 39. Rf7
Rdd2 40. Rxf4 Rxg2 41. Rf7 Rh2+ 42. Kg3 Rdg2+ 43. Kf4 Rxh4+ 44. Ke5 Rg5+ 45.
Kf6 Rf5+ 46. Kxg6 Rxf7 47. Bxf7 Rf4 48. Be6 Rxf3 49. Kxh5 Re3 50. Bc4 Kg7 51.
Kg5 Re5+ 52. Kf4 Kf6 53. Bd3 Rh5 54. Be4 c5 55. Bd3 Rh4+ 56. Ke3 Ke5 57. a5
Rh3+ 58. Ke2 Kd4 59. Bc4 1/2-1/2

[Event "74th Tata Steel GMA"]
[Site "Wijk aan Zee NED"]
[Date "2012.01.29"]
[Round "13"]
[White "Kamsky, G."]
[Black "Topalov, V."]
[Result "1-0"]
[WhiteElo "2732"]
[BlackElo "2770"]
[PlyCount "141"]
[EventDate "2012.01.14"]

1. d4 {Marin,M} Nf6 2. Nf3 e6 3. g3 d5 4. Bg2 b5 5. c3 ({RR} 5. Nbd2 Bb7 6. Nb3
a5 7. Bd2 Nc6 8. Nc1 Bd6 9. Nd3 O-O 10. O-O Ne4 11. Be3 b4 12. Re1 Ba6 13. Nfe5
Ne7 14. f3 Nf5 15. Bf4 Nf6 16. c3 Ne7 17. Qd2 bxc3 18. bxc3 Rc8 19. Bg5 Bxd3 {
Ivanchuk,V (2750)-Carlsen,M (2690) Morelia/Linares 2007 CBM 117 [Marin,M] 0-1 
(60)}) ({RR} 5. a4 b4 6. c4 bxc3 7. bxc3 Ba6 8. O-O Be7 9. Ne5 Nfd7 10. Nd3 O-O
11. e4 c6 12. Re1 Nf6 13. e5 Nfd7 14. Nf4 Nb6 15. Qg4 Kh8 16. Nd2 N8d7 17. h4
Rg8 18. Nf3 Nf8 19. Ng5 Bxg5 {Gormally,D (2520)-Ward,C (2448) Hinkley Island
ENG 2012 1/2-1/2}) 5... a5 6. O-O Nbd7 7. Bf4 $146 ({RR} 7. Nbd2 Bb7 8. e4 Nxe4
9. Nxe4 dxe4 10. Ng5 Nf6 11. Qe2 Qd5 12. Re1 h6 13. Nxe4 Nxe4 14. Bxe4 Qxe4 15.
Qxe4 Bxe4 16. Rxe4 Kd7 17. a4 b4 18. Bd2 bxc3 19. Bxc3 Bd6 20. Rd1 c6 21. Rg4
Rhg8 {Golubovic,B (2441)-Bilobrk,F (2384) Vogosca 2007 1/2-1/2}) 7... Be7 8.
Qc2 c5 9. Nbd2 Bb7 10. Ne5 O-O 11. a4 bxa4 12. Qxa4 Nxe5 13. dxe5 Nd7 14. h4
Qc7 15. e4 Nb6 16. Qc2 Rfd8 17. Rfc1 h6 18. Be3 Qd7 19. exd5 Nxd5 20. Nc4 a4
21. Re1 Qb5 22. Na3 Qa6 23. Rad1 Rab8 24. c4 Nxe3 25. Rxd8+ Rxd8 26. Rxe3 Bxg2
27. Kxg2 Qb7+ 28. Kg1 Qb4 29. Rc3 Qb8 30. Re3 Qb4 31. Rc3 Rd7 32. Nb5 Qa5 33.
Qe2 Qd8 34. Ra3 Rd2 35. Qf3 Rd1+ 36. Kh2 Qd2 37. Rxa4 Qe1 38. Nc3 Qg1+ 39. Kh3
Re1 40. Ra7 Qf1+ 41. Qg2 Qxg2+ 42. Kxg2 Bf8 43. f4 g5 44. h5 gxf4 45. gxf4 Kg7
46. Rd7 Re3 47. Rb7 Re1 48. b3 Re3 49. Nd1 Re2+ 50. Nf2 Rc2 51. Kf3 Rc3+ 52.
Ke2 Rg3 53. Ne4 Rh3 54. Nf6 Rh1 55. Rd7 Rh2+ 56. Kd3 Rh3+ 57. Kc2 Rh4 58. Ne8+
Kg8 59. f5 Rh2+ 60. Rd2 Rxd2+ 61. Kxd2 exf5 62. Nf6+ Kg7 63. Ke3 Be7 64. Nd7
Bg5+ 65. Kf3 Bd2 66. Nxc5 f6 67. e6 Kf8 68. Nd3 Ke7 69. Nf4 Kd6 70. c5+ Kc6 71.
Nd5 1-0

[Event "74th Tata Steel GMA"]
[Site "Wijk aan Zee NED"]
[Date "2012.01.29"]
[Round "13"]
[White "Gashimov, V."]
[Black "Nakamura, Hi"]
[Result "1/2-1/2"]
[WhiteElo "2761"]
[BlackElo "2759"]
[PlyCount "22"]
[EventDate "2012.01.14"]

1. e4 c5 2. Nc3 e6 3. Nf3 a6 4. d4 cxd4 5. Nxd4 b5 6. Bd3 Bb7 7. O-O Nc6 8.
Nxc6 Bxc6 9. Re1 Qb8 ({RR} 9... Bc5 10. Qh5 d6 11. Be3 Nf6 12. Qg5 Bxe3 13.
Rxe3 O-O 14. Rg3 Ne8 15. Qh5 e5 16. Rf1 Qe7 17. f4 exf4 18. Rxf4 g6 19. Qf3 Ng7
20. Qf2 Rae8 21. Re3 Qe5 22. a3 Ne6 23. Rff3 Nc5 24. Re1 {Fressinet,L (2654)
-Bologan,V (2673) Selfoss 2003 0-1 (41)}) ({RR} 9... Bc5 10. e5 Qb6 11. Qe2 f5
12. a4 b4 13. a5 Bxf2+ 14. Qxf2 Qxf2+ 15. Kxf2 bxc3 16. bxc3 Ne7 17. c4 Kf7 18.
g3 h6 19. h4 g5 20. hxg5 hxg5 21. Bxg5 Rh2+ 22. Ke3 Rg8 23. Bf4 Ng6 24. Kd4 {
Howell,D (2625)-Ansell,S (2410) Sheffield ENG 2011 1-0 (35)}) 10. Qe2 Bd6 $146
({RR} 10... Ne7 11. Bg5 Ng6 12. a3 Bd6 13. g3 O-O 14. Rad1 Bc7 15. Qh5 a5 16.
Ne2 Bb6 17. Bd2 Qa7 18. Rf1 f5 19. exf5 Ne5 20. Bf4 Bf3 {0-1 (20) Prol
Nogueira,I (2078)-Reinaldo Castineira,R (2403) Orense 2002}) 11. e5 Bc7 1/2-1/2

[Event "74th Tata Steel GMA"]
[Site "Wijk aan Zee NED"]
[Date "2012.01.29"]
[Round "13"]
[White "Van Wely, L."]
[Black "Carlsen, M."]
[Result "1/2-1/2"]
[WhiteElo "2692"]
[BlackElo "2835"]
[PlyCount "82"]
[EventDate "2012.01.14"]

1. d4 e6 2. Nf3 f5 3. g3 Nf6 4. Bg2 d5 5. O-O Bd6 6. c4 c6 7. b3 Qe7 8. Ne5 b6
9. cxd5 cxd5 10. Nc4 Nc6 ({RR} 10... Bc7 11. Ba3 Qd8 12. Nc3 Ba6 13. Ne5 Bd6
14. Bxd6 Qxd6 15. Rc1 Nbd7 16. Nxd7 Qxd7 17. Qd2 Qd6 18. Rc2 O-O 19. Rfc1 Rac8
20. Qe3 Ng4 21. Qd2 Rc7 22. h3 Nf6 23. Na4 Rfc8 24. Rxc7 Rxc7 25. Bf3 {
Bluebaum,M (2329)-Kotainy,J (2433) Dresden GER 2011 1/2-1/2 (38)}) 11. Nxd6+
Qxd6 12. a4 $146 ({RR} 12. Na3 Ba6 13. Nc2 Kf7 14. Ba3 Qd7 15. Qd2 Rac8 16.
Rfc1 Rc7 17. Ne1 Rhc8 18. Nf3 Kg8 19. Bf1 Ne7 20. Ne5 Qd8 21. Qb4 Rxc1 22. Rxc1
Rxc1 23. Bxc1 Ng6 24. Bg5 Qc7 25. Qa4 Qc8 26. Bxf6 gxf6 {Cramling,P (2530)
-Ansner,B Stockholm 1992 1-0 (44)}) ({RR} 12. Ba3 Nb4 13. Nd2 Ne4 14. Nxe4 dxe4
15. f3 exf3 16. Bxf3 Rb8 17. Bc1 Rb7 18. Bf4 Qd7 19. Rc1 Nd5 20. Bxd5 exd5 21.
Rf3 Qd8 22. Bg5 Qd7 23. Rfc3 O-O 24. Bf4 Rd8 25. Qc2 {1-0 (25) Knaak,R (2465)
-Wintzer,J Lugano 1989}) 12... Qd7 13. Ba3 Kf7 14. Nc3 Ba6 15. f3 Rhe8 16. Qd2
Kg8 17. Rfc1 Rac8 18. Ra2 h6 19. Rac2 Na5 20. Rb1 Rc7 21. Na2 Rxc2 22. Qxc2 Nc6
23. Qd2 e5 24. dxe5 Rxe5 25. Re1 Qe6 26. f4 Rxe2 27. Rxe2 Bxe2 28. Nc3 Bh5 29.
Bxd5 Nxd5 30. Qxd5 Qxd5 31. Nxd5 Bf7 32. Ne7+ Nxe7 33. Bxe7 Bxb3 34. a5 bxa5
35. Kf2 a4 36. Ke3 Kf7 37. Ba3 g5 38. h4 Kg6 39. hxg5 hxg5 40. Kd2 Kh5 41. fxg5
Kxg5 1/2-1/2

[Event "74th Tata Steel GMA"]
[Site "Wijk aan Zee NED"]
[Date "2012.01.29"]
[Round "13"]
[White "Ivanchuk, V."]
[Black "Karjakin, Sergey"]
[Result "1/2-1/2"]
[WhiteElo "2766"]
[BlackElo "2769"]
[PlyCount "43"]
[EventDate "2012.01.14"]

1. e4 e5 2. Nf3 Nc6 3. Bb5 Nf6 4. O-O Nxe4 5. d4 Nd6 6. Bxc6 dxc6 7. dxe5 Nf5
8. Qxd8+ Kxd8 9. Nc3 Ke8 10. h3 h5 11. Rd1 Be7 12. Bg5 Be6 13. b3 ({RR} 13. g3
f6 14. exf6 gxf6 15. Bf4 Rc8 16. Kh2 Kf7 17. Rd2 Rcd8 18. Rxd8 Bxd8 19. Rd1 Re8
20. Nd4 Nxd4 21. Rxd4 Bf5 22. Rd2 Be7 23. Nd1 Rd8 24. Rxd8 Bxd8 25. Ne3 Be4 26.
g4 hxg4 27. hxg4 Be7 {Anand,V (2804)-Kramnik,V (2791) London ENG 2010 1/2-1/2 
(39)}) 13... h4 14. Kf1 $146 ({RR} 14. Rd3 Rd8 15. Rxd8+ Bxd8 16. Rd1 Be7 17.
Bf4 Rg8 18. Ng5 Bc8 19. Nce4 Rh8 20. c4 b6 21. Nf3 Rh5 22. Kf1 Bd8 23. Nfg5 Be7
24. Nf3 Bd8 25. Nfg5 Be7 26. Rd3 c5 27. Nf3 Bb7 28. Nc3 Bxf3 {Navara,D (2712)
-Karjakin,S (2769) Wijk aan Zee NED 2012 0-1 (60)}) ({RR} 14. Rd3 Rd8 15. Rad1
Rxd3 16. Rxd3 a5 17. Ne2 Bd5 18. Bxe7 Kxe7 19. Nd2 a4 20. Nf4 axb3 21. axb3 Ra8
22. Nxd5+ cxd5 23. Rxd5 Ra1+ 24. Kh2 Rd1 25. Rd3 Rc1 26. Rc3 c6 27. Rc4 Ke6 28.
Nf3 Rf1 {Sengupta,D (2572)-Shyam,S (2457) Aurangabad IND 2011 1/2-1/2 (43)})
14... a5 15. a4 Rh5 16. Bc1 Bb4 17. Ne2 Bd5 18. Ne1 Rd8 19. Bb2 Rh6 20. c4 Be6
21. Nf3 Be7 22. Rxd8+ 1/2-1/2

[Event "74th Tata Steel GMA"]
[Site "Wijk aan Zee NED"]
[Date "2012.01.29"]
[Round "13"]
[White "Caruana, F."]
[Black "Gelfand, B."]
[Result "1-0"]
[WhiteElo "2736"]
[BlackElo "2739"]
[PlyCount "95"]
[EventDate "2012.01.14"]

1. e4 e5 2. Nf3 Nf6 3. Nxe5 d6 4. Nf3 Nxe4 5. Nc3 Nxc3 6. dxc3 Be7 7. Be3 O-O
8. Qd2 Nd7 9. O-O-O Ne5 10. h4 c6 11. Bg5 f6 12. Bf4 Qa5 13. a3 Bg4 14. Be2 d5
$146 ({RR} 14... Rad8 15. Nd4 Bc8 16. Nb3 Qc7 17. h5 d5 18. h6 g6 19. Bg3 Bd6
20. Rhe1 Qf7 21. Qd4 b6 22. c4 dxc4 23. Bxe5 Bxe5 24. Bxc4 Bxd4 25. Bxf7+ Kxf7
26. Nxd4 Bd7 27. b4 g5 28. Rd3 c5 29. bxc5 {Thiel,T (2291)-Sergeev,A (2379)
Moscow 2006 0-1 (47)}) 15. Nxe5 fxe5 16. Bxe5 Rxf2 17. Rde1 Bxe2 18. Rxe2 Rf7
19. g3 Raf8 20. Rhe1 Qd8 21. Qd4 b5 22. Kb1 Qd7 23. h5 Bg5 24. a4 Re8 25. axb5
cxb5 26. Qd3 Rfe7 27. Bd4 Rxe2 28. Rxe2 Rxe2 29. Qxe2 Bf6 30. Qf2 Bxd4 31. Qxd4
h6 32. b3 Qf7 33. Qe5 a6 34. Kb2 Kh7 35. Qd6 Qxh5 36. Qxa6 Qe8 37. Qb7 Qe5 38.
Qxb5 h5 39. Qd3+ Kh6 40. b4 g5 41. b5 h4 42. gxh4 gxh4 43. b6 Qb8 44. Qa6 Qd6
45. Qb5 d4 46. b7 dxc3+ 47. Ka2 Qe6+ 48. Ka1 1-0

[Event "74th Tata Steel GMA"]
[Site "Wijk aan Zee NED"]
[Date "2012.01.29"]
[Round "13"]
[White "Giri, A."]
[Black "Navara, D."]
[Result "1/2-1/2"]
[WhiteElo "2714"]
[BlackElo "2712"]
[PlyCount "57"]
[EventDate "2012.01.14"]

1. e4 e5 2. Nf3 Nc6 3. Bb5 Nf6 4. d3 Bc5 5. O-O Nd4 6. Nxd4 Bxd4 7. Nd2 c6 8.
Ba4 d6 9. c3 Bb6 10. Bb3 ({RR} 10. Nc4 Bc7 11. Bb3 O-O 12. Bg5 h6 13. Bh4 g5
14. Bg3 Bg4 15. f3 Be6 16. Re1 Nh5 17. Bf2 Nf4 18. d4 exd4 19. cxd4 d5 20. exd5
Bxd5 21. Qc2 g4 22. Nd2 Qg5 23. Ne4 Qg6 24. Bxd5 Nxd5 {Ponomariov,R (2764)
-Kramnik,V (2781) Dortmund GER 2011 1/2-1/2 (50)}) 10... Bg4 ({RR} 10... Be6
11. Bxe6 fxe6 12. Qb3 Qe7 13. Nc4 Bc5 14. Be3 Bxe3 15. Nxe3 O-O 16. Rac1 Rad8
17. Qa3 Qc7 18. c4 c5 19. b4 Nd7 20. b5 Nf6 21. f3 Ra8 22. Qb3 g5 23. g3 Nh5
24. Rf2 Qe7 {1/2-1/2 (24) Radulski,J (2590)-Bratanov,Z (2467) Plovdiv BUL 2011}
) 11. Qe1 O-O 12. Nc4 Bc5 $146 ({RR} 12... Bc7 13. Bg5 h6 14. Bh4 Re8 15. Ne3
g5 16. Nxg4 Nxg4 17. Bg3 Kg7 18. Qe2 Nf6 19. Rad1 Qe7 20. f3 Bb6+ 21. Bf2 Bxf2+
22. Qxf2 d5 23. exd5 Nxd5 24. d4 Qf6 25. dxe5 Rxe5 26. Bxd5 cxd5 27. Rfe1 {
Dvoirys,S (2534)-Kurnosov,I (2580) Cheliabinsk 2007 1/2-1/2 (62)}) ({RR} 12...
Bc7 13. a4 d5 14. exd5 Qxd5 15. Bg5 Nd7 16. f3 Be6 17. Nd2 Qxd3 18. Bxe6 fxe6
19. Ne4 Qc4 20. Qh4 Kh8 21. Kh1 Rf7 22. b3 Qxb3 23. Rfb1 Qd5 24. Be3 Bd8 25.
Qh3 Nf8 26. Bc5 Bf6 27. c4 {Glavina Rossi,P (2465)-Garcia Vicente,N (2228)
Aragon 2009 1-0 (59)}) 13. Kh1 Nh5 14. Bd1 Bxd1 15. Qxd1 g6 16. d4 exd4 17.
cxd4 d5 18. dxc5 dxc4 19. f3 b5 20. cxb6 axb6 21. Be3 b5 22. Qc2 Qf6 23. a4 Nf4
24. b3 cxb3 25. Qxb3 Rfd8 26. Qc2 bxa4 27. Rxa4 Rxa4 28. Qxa4 Nd3 29. Qc2
1/2-1/2